000 00671cam a22002293a 4500
001 38867
003 PGUSA
005 20140828083846.0
008 120213s2012||||xxu|||||s|||||000 | eng d
040 _aPGUSA
_beng
042 _adc
100 1 _aTrelawney, Edward John,
_d1792-1881
245 1 0 _aUn Cadet de Famille, v. 2/3
_h[electronic resource] /
_cEdward John Trelawney
260 _bProject Gutenberg,
_c2012
506 _aPublic domain in the USA.
516 _aElectronic text
700 1 _aPerceval, Victor
700 1 _aDumas, Alexandre,
_d1802-1870
830 0 _aProject Gutenberg
_v38867
856 4 0 _uhttp://www.gutenberg.org/ebooks/38867
942 _cEB
999 _c268121
_d268121